Statistiques concernant Culture Générale - Série 1773

Cliquez ici pour prendre le quiz!

Statistiques générales

  • Ce quiz a été pris 237 fois
  • Le résultat moyen est 7 sur 10

Statistiques - réponses

QuestionRéponse% Correct
De quel pays les pandas sont-ils originaires ?Chine
97%
Sur le territoire de quel pays pouvait-on trouver les Aztèques ?Mexique
94%
Quel grand félin a donné son nom à un roman de Joseph Kessel ?lion
92%
Dans quel art Fernand Léger s’est-il illustré ?peinture
78%
Dans quelle ville décerne-t-on l’ours d’or ?Berlin
74%
Quel animal est issu du croisement d’un tigre et d’une lionne ?tigron
63%
Dans quel sport pratique-t-on "l'arraché" et "l'épaulé jeté" ?haltérophilie
59%
Qui est le créateur de San Antonio ?Frédéric Dard
38%
Où se situe l’île de Gorée ?Sénégal
31%
Qui joue Lawrence d’Arabie dans le film éponyme ?Peter O'Toole
28%

Distribution des résultats

Percentile par nombre de réponses

% des personnes avec chaque résultat

Votre développement - résultats

Vous n’avez pas pris ce quiz